| 000 | 01136nam a22002537a 4500 | ||
|---|---|---|---|
| 005 | 20090106103034.0 | ||
| 008 | 081223t xxu||||| |||| 00| 0 urd d | ||
| 010 | _aUR-7543 | ||
| 020 |
_c100.00 _a8182233550 |
||
| 035 | _aB-283838 | ||
| 035 | _aU-6098 | ||
| 040 |
_adpl _bur |
||
| 082 | _a840.8 | ||
| 100 | _aمناظرعاشق ہرگانوی | ||
| 245 |
_aتنقید کا نیا منظرنامہ اور وزیر آغا _c مناظرعاشق ہرگانوی |
||
| 246 |
_aTanqeed ka naya manzar nama aur wazir aagha _bby Manazir Aashiq Harganvi |
||
| 260 |
_aدہلی _bایجو کیشنل پبلیشنگ ہاوس _c2008 |
||
| 300 |
_a132 p. _c22 cm. (Hb) |
||
| 650 | _aUrdu literature | ||
| 650 | _aبردو ادب | ||
| 942 |
_2ddc _cUR _h840.8 _mم ن ا |
||
| 999 |
_c20617 _d20617 |
||